[Event "13. Bayer Open"]
[Site "Leverkusen"]
[Date "2015.03.09"]
[Round "6.2"]
[White "Schneider, Bernd"]
[Black "Peschel, Andreas"]
[Result "0-1"]
[WhiteElo "2358"]
[BlackElo "2101"]
[PlyCount "58"]
[EventDate "2015.??.??"]
[WhiteTeam "Bochumer SV"]
[BlackTeam "SG Solingen"]

1. c4 e6 2. Nc3 d5 3. d4 c6 4. cxd5 exd5 5. Nf3 Be7 6. Bf4 Nf6 7. h3 Bf5 8. e3
O-O 9. Be2 Nbd7 10. O-O Re8 11. Rc1 Nf8 12. Na4 Ne4 13. Qb3 Bc8 14. Rc2 Ng6 15.
Bh2 Bd6 16. Bxd6 Qxd6 17. Rfc1 f5 18. Bd3 Qf6 19. Nc5 Nh4 20. Nxh4 Qxh4 21. Bf1
Nxc5 22. Rxc5 f4 23. e4 Rxe4 24. Rxd5 Kh8 25. Rdc5 Rxd4 26. Re1 Bd7 27. Qxb7
Rf8 28. Qxa7 f3 29. g3 Qxg3+ 0-1

[Event "13. Bayer Open"]
[Site "Leverkusen"]
[Date "2015.03.09"]
[Round "6.3"]
[White "Rotstein, Jefim"]
[Black "Evers, Leo"]
[Result "1-0"]
[WhiteElo "2266"]
[BlackElo "1975"]
[PlyCount "69"]
[EventDate "2015.??.??"]
[WhiteTeam "SC Tornado Hochneukirch"]
[BlackTeam "SG Porz"]

1. Nf3 c5 2. c4 Nc6 3. g3 g6 4. Bg2 Bg7 5. O-O e6 6. d3 Nge7 7. Nc3 d6 8. Bd2
O-O 9. a3 Rb8 10. Rb1 a6 11. b4 cxb4 12. axb4 b5 13. cxb5 axb5 14. Qc1 Bd7 15.
Bh6 Bxh6 16. Qxh6 Nf5 17. Qd2 Qe7 18. Ne4 d5 19. Nc5 Rfd8 20. d4 Nd6 21. h4 Be8
22. Qf4 Ra8 23. h5 Ra3 24. hxg6 hxg6 25. e3 Bd7 26. Rfd1 Rc3 27. Bf1 Kg7 28. g4
Rh8 29. g5 Rh5 30. Qf6+ Kf8 31. Bd3 Be8 32. Kg2 Nf5 33. Rh1 Ng7 34. Rxh5 gxh5
35. Qh6 1-0

[Event "13. Bayer Open"]
[Site "Leverkusen"]
[Date "2015.03.09"]
[Round "6.4"]
[White "Goerke, Joachim"]
[Black "Balduan, Markus"]
[Result "1/2-1/2"]
[WhiteElo "2065"]
[BlackElo "2231"]
[PlyCount "31"]
[EventDate "2015.??.??"]
[WhiteTeam "SG Solingen"]
[BlackTeam "TV Witzhelden"]

1. e4 c5 2. Nf3 Nc6 3. d4 cxd4 4. Nxd4 g6 5. c4 Bg7 6. Be3 Nf6 7. Nc3 O-O 8.
Be2 d6 9. O-O Bd7 10. f3 Qb6 11. Nf5 Qxb2 12. Na4 Qa3 13. Bc1 Qb4 14. Bd2 Qa3
15. Bc1 Qb4 16. Bd2 1/2-1/2

[Event "13. Bayer Open"]
[Site "Leverkusen"]
[Date "2015.03.09"]
[Round "6.5"]
[White "Schulte-Lentz, Christian"]
[Black "Auer, Martin"]
[Result "0-1"]
[WhiteElo "1995"]
[BlackElo "2134"]
[PlyCount "62"]
[EventDate "2015.??.??"]
[WhiteTeam "Langenfelder SF"]
[BlackTeam "SG Solingen"]

1. d4 g6 2. Nc3 Bg7 3. e4 d6 4. Bc4 Nf6 5. Qe2 Nc6 6. e5 Nd7 7. Bxf7+ Kxf7 8.
e6+ Ke8 9. exd7+ Qxd7 10. d5 Nd4 11. Qd2 Qf5 12. Kd1 Qh5+ 13. f3 c6 14. dxc6
bxc6 15. Nge2 Nxe2 16. Qxe2 Kf7 17. Re1 Qe5 18. Ne4 h6 19. c3 Bf5 20. Be3 Qd5+
21. Kc1 Bxe4 22. fxe4 Qxe4 23. Qf2+ Qf5 24. Bxa7 c5 25. Qe2 Qg5+ 26. Kc2 Qf5+
27. Kc1 Bf6 28. Qc4+ Kg7 29. Bb6 Rhb8 30. Qb5 Bg5+ 31. Kd1 Rxb6 0-1

[Event "13. Bayer Open"]
[Site "Leverkusen"]
[Date "2015.03.09"]
[Round "6.6"]
[White "Eigemann, Julian"]
[Black "Khanukov, Boris"]
[Result "0-1"]
[WhiteElo "1977"]
[BlackElo "2200"]
[PlyCount "140"]
[EventDate "2015.??.??"]
[WhiteTeam "SG Porz"]
[BlackTeam "Bahn-SC Wuppertal"]

1. Nc3 c5 2. e4 Nc6 3. g3 g6 4. Bg2 Bg7 5. Nge2 d6 6. O-O e6 7. d3 Nge7 8. f4
O-O 9. Be3 Nd4 10. Bf2 Rb8 11. Nxd4 cxd4 12. Ne2 e5 13. c3 dxc3 14. bxc3 Qa5
15. d4 exf4 16. gxf4 Bg4 17. Bh4 Rfe8 18. Be1 Qh5 19. Rf2 Nd5 20. Ng3 Bxd1 21.
Nxh5 Bxh5 22. exd5 Be2 23. Bf1 Bxf1 24. Kxf1 f5 25. Re2 Kf7 26. Bd2 Bf6 27. Rb1
b6 28. Rbe1 Rxe2 29. Rxe2 Re8 30. Rxe8 Kxe8 31. Kg2 b5 32. Bc1 Bh4 33. Bd2 Kf7
34. Kh3 Bd8 35. Kg3 Kg7 36. Bc1 Kf7 37. Ba3 Ke7 38. Bb4 Kd7 39. Ba3 g5 40. Bc1
g4 41. h3 h5 42. h4 Ba5 43. Bd2 Kc8 44. Be1 Kb7 45. Kf2 Bb6 46. Ke2 Ka6 47. Kd3
Ka5 48. Kc2 Ka4 49. Kb2 Bd8 50. a3 Bf6 51. Bf2 a5 52. Be1 b4 53. axb4 axb4 54.
Bf2 bxc3+ 55. Kxc3 Kb5 56. Kb3 Bd8 57. Kc3 Ba5+ 58. Kd3 Kb4 59. Bg3 Kb3 60. Bf2
Bb4 61. Bg3 Ba3 62. Bf2 Bc1 63. Bg3 Kb2 64. Bh2 Kb1 65. Bg3 Bb2 66. Bf2 Kc1 67.
Bg3 Kd1 68. Bf2 Ba3 69. Be3 g3 70. Bg1 Bc1 0-1

[Event "13. Bayer Open"]
[Site "Leverkusen"]
[Date "2015.03.09"]
[Round "6.7"]
[White "Krüger, Andre"]
[Black "Grah, Ulrich"]
[Result "1-0"]
[WhiteElo "2062"]
[BlackElo "1816"]
[PlyCount "55"]
[EventDate "2015.??.??"]
[WhiteTeam "SV Mülheim-Nord"]
[BlackTeam "SG Solingen"]

1. d4 Nf6 2. Bg5 Ne4 3. Bf4 d6 4. Nd2 Nf6 5. Ngf3 g6 6. e4 Bg7 7. Bd3 Nc6 8.
O-O O-O 9. d5 Nb4 10. Be2 c5 11. c3 Na6 12. Qc2 Nc7 13. h3 Bd7 14. c4 a6 15.
Rad1 b5 16. b3 Nfe8 17. Bd3 e5 18. dxe6 fxe6 19. Bg5 Bf6 20. Bxf6 Qxf6 21. e5
dxe5 22. Ne4 Qg7 23. Nxc5 Bc6 24. Be4 Bxe4 25. Qxe4 Qe7 26. Qc6 Rxf3 27. Rd7
Qf8 28. Qxf3 1-0

[Event "13. Bayer Open"]
[Site "Leverkusen"]
[Date "2015.03.09"]
[Round "6.8"]
[White "Spiekermann, Stefan"]
[Black "Werbeck, Torsten"]
[Result "1-0"]
[WhiteElo "1988"]
[BlackElo "2098"]
[PlyCount "89"]
[EventDate "2015.??.??"]
[WhiteTeam "SV Menden"]
[BlackTeam "Bahn-SC Wuppertal"]

1. e4 g6 2. d4 d6 3. Nc3 c6 4. Be3 a6 5. h4 h5 6. Nh3 b5 7. Ng5 Bg7 8. a4 b4 9.
Na2 a5 10. c3 bxc3 11. bxc3 Ba6 12. Qb3 Nh6 13. Bc4 Bxc4 14. Qxc4 O-O 15. O-O
Ng4 16. Rab1 Qc7 17. Qe2 Bh6 18. Bd2 e5 19. f3 Nf6 20. Ne6 fxe6 21. Bxh6 Re8
22. dxe5 dxe5 23. Rb2 Nbd7 24. Rfb1 Reb8 25. Be3 Rxb2 26. Rxb2 Rb8 27. Nc1 Rb7
28. Rxb7 Qxb7 29. Qc4 Kf7 30. Nd3 Qc7 31. Kh1 Qb7 32. Bf2 Ne8 33. Bc5 Qc7 34.
Bf2 Nd6 35. Qb3 Qb7 36. Qa2 Qa6 37. Qd2 Nc4 38. Qh6 Nf8 39. Bc5 Qc8 40. Qg5 Qd7
41. Nxe5+ Nxe5 42. Qxe5 Qd1+ 43. Kh2 Nd7 44. Qc7 Qd2 45. Bd6 1-0

[Event "13. Bayer Open"]
[Site "Leverkusen"]
[Date "2015.03.09"]
[Round "6.9"]
[White "Ljuboschiz, Alexander"]
[Black "Vranidis, Athanassios"]
[Result "1/2-1/2"]
[WhiteElo "2031"]
[BlackElo "1820"]
[PlyCount "110"]
[EventDate "2015.??.??"]
[WhiteTeam "SV Würselen"]
[BlackTeam "SG Solingen"]

1. e4 c5 2. Nf3 d6 3. Nc3 Nf6 4. e5 dxe5 5. Nxe5 Nbd7 6. d4 Nxe5 7. dxe5 Qxd1+
8. Kxd1 Ng4 9. Bb5+ Bd7 10. e6 Bxb5 11. Nxb5 O-O-O+ 12. Ke2 a6 13. Nc3 fxe6 14.
Ne4 Rd5 15. c4 Re5 16. f3 Nf6 17. Bf4 Rf5 18. Bd2 Nxe4 19. fxe4 Rf7 20. Bc3 Rg8
21. Rhf1 Rxf1 22. Rxf1 Kd8 23. Ba5+ Kd7 24. Rd1+ Kc6 25. Rd8 b6 26. Bc3 Kc7 27.
Ra8 Kb7 28. Re8 g6 29. b3 Kc6 30. a3 a5 31. Rb8 Kc7 32. Be5+ Kc6 33. a4 h6 34.
h3 h5 35. Kf3 Kd7 36. g4 hxg4+ 37. hxg4 g5 38. Rxb6 Bg7 39. Bxg7 Rxg7 40. Rb5
Rf7+ 41. Ke3 Kd6 42. Rb6+ Kd7 43. Rb5 Rf4 44. Rxc5 Rxg4 45. Rxa5 Rg3+ 46. Kd4
g4 47. Rb5 Rg1 48. a5 g3 49. Rg5 Kd6 50. c5+ Kc6 51. Ke5 g2 52. Kxe6 Re1 53.
Rxg2 Rxe4+ 54. Kf5 Rb4 55. Rb2 Kxc5 1/2-1/2

[Event "13. Bayer Open"]
[Site "Leverkusen"]
[Date "2015.03.09"]
[Round "6.11"]
[White "Witte, Volker"]
[Black "Sockel, Karl-Heinz"]
[Result "0-1"]
[WhiteElo "1669"]
[BlackElo "1893"]
[PlyCount "60"]
[EventDate "2015.??.??"]
[WhiteTeam "SF Schlebusch"]
[BlackTeam "SC Bayer Leverkusen"]

1. g3 Nf6 2. Bg2 d5 3. Nf3 c5 4. O-O Nc6 5. d3 Bg4 6. Nbd2 e6 7. h3 Bh5 8. c3
Be7 9. Re1 O-O 10. Qa4 a6 11. e4 Qc7 12. exd5 Nxd5 13. Ne4 Rfd8 14. Bd2 Nf6 15.
Bg5 Rxd3 16. Nxf6+ gxf6 17. Bh6 Rad8 18. Nh4 f5 19. Bxc6 bxc6 20. Qf4 Qxf4 21.
Bxf4 Bxh4 22. gxh4 Bf3 23. Be3 Be4 24. Kh2 f6 25. Rg1+ Kf7 26. Rac1 e5 27. a3
f4 28. Bxc5 Bf5 29. Rg2 Rxh3+ 30. Kg1 Be4 0-1

[Event "13. Bayer Open"]
[Site "Leverkusen"]
[Date "2015.03.09"]
[Round "6.12"]
[White "Boschek, Hans-Joachim"]
[Black "Wille, Thomas"]
[Result "0-1"]
[WhiteElo "1838"]
[BlackElo "1973"]
[PlyCount "165"]
[EventDate "2015.??.??"]
[WhiteTeam "SG Solingen"]
[BlackTeam "Krefelder SK Turm"]

1. c4 e5 2. g3 Nc6 3. Bg2 d6 4. Nc3 Be6 5. d3 Qd7 6. Nd5 Nd8 7. e4 c6 8. Nc3
Ne7 9. Nf3 Bh3 10. O-O Ng6 11. d4 Be7 12. dxe5 Bxg2 13. Kxg2 dxe5 14. Qxd7+
Kxd7 15. h4 f6 16. h5 Nf8 17. Nh4 Nfe6 18. Be3 Nf7 19. Nf5 Bf8 20. Rad1+ Kc7
21. Rd2 b6 22. a3 Rd8 23. Rxd8 Nfxd8 24. b4 Nb7 25. b5 g6 26. hxg6 hxg6 27. Nh4
g5 28. Nf5 Nd6 29. Nxd6 Bxd6 30. bxc6 Kxc6 31. Nb5 Bb8 32. Nc3 Nc5 33. Rd1 g4
34. Rd5 Nd7 35. Rd1 a6 36. Nd5 Bd6 37. Nb4+ Bxb4 38. axb4 Kc7 39. f3 gxf3+ 40.
Kxf3 Rh2 41. Bf2 Rh8 42. Ra1 Ra8 43. Be1 Kd6 44. Rd1+ Ke7 45. Ra1 Kd6 46. Rd1+
Kc7 47. Ra1 Kd8 48. Ke3 Nf8 49. b5 a5 50. c5 bxc5 51. Rxa5 Rb8 52. Kd3 Ne6 53.
Ra6 Kd7 54. Kc4 Ng5 55. Ra7+ Kd6 56. Ra6+ Kd7 57. Kxc5 Nxe4+ 58. Kd5 Ng5 59.
Ra7+ Ke8 60. Kc6 Ne6 61. b6 Rc8+ 62. Kd6 Nd4 63. Kd5 Rb8 64. Ba5 Rd8+ 65. Ke4
Rb8 66. Rh7 Ne6 67. Rh8+ Nf8 68. Bb4 Rxb6 69. Rxf8+ Kd7 70. Bc3 Rb3 71. Rf7+
Ke6 72. Rc7 f5+ 73. Kd3 Rb6 74. Rc8 Rd6+ 75. Ke2 e4 76. Rh8 Rd3 77. Be1 Rb3 78.
Rh6+ Ke5 79. Bd2 Rxg3 80. Rh4 Rg2+ 81. Ke1 Kd4 82. Rf4 Kd3 83. Rxf5 0-1

[Event "13. Bayer Open"]
[Site "Leverkusen"]
[Date "2015.03.09"]
[Round "6.13"]
[White "Gnass, Arno"]
[Black "Eigemann, Frederik"]
[Result "0-1"]
[WhiteElo "1664"]
[BlackElo "1949"]
[PlyCount "60"]
[EventDate "2015.??.??"]
[WhiteTeam "TSV Bergisch Gladbach"]
[BlackTeam "SG Porz"]

1. d4 Nf6 2. Bg5 e6 3. c3 h6 4. Bh4 d5 5. Nd2 c5 6. dxc5 Bxc5 7. e4 g5 8. Bg3
dxe4 9. Qa4+ Bd7 10. Qc4 Qb6 11. b4 Bxf2+ 12. Bxf2 e3 13. Bxe3 Qxe3+ 14. Be2
Nc6 15. Nf1 Qb6 16. Nf3 Rc8 17. Qb5 Qc7 18. Qc4 g4 19. N3d2 Qe5 20. Qc5 Nd5 21.
Nc4 Qxc3+ 22. Nfd2 Qxa1+ 23. Bd1 b6 24. Nd6+ Kf8 25. Qf2 Qe5+ 26. N2e4 f5 27.
O-O Qd4 28. Bxg4 Qxf2+ 29. Rxf2 Ke7 30. Nxc8+ Rxc8 0-1

[Event "13. Bayer Open"]
[Site "Leverkusen"]
[Date "2015.03.09"]
[Round "6.14"]
[White "Hennig, Edgar"]
[Black "Kies, Werner"]
[Result "1-0"]
[WhiteElo "1901"]
[BlackElo "1837"]
[PlyCount "49"]
[EventDate "2015.??.??"]
[WhiteTeam "Satranç Club"]
[BlackTeam "SC Bayer Leverkusen"]

1. d4 g6 2. c4 Bg7 3. Nc3 Nc6 4. Nf3 d6 5. d5 Ne5 6. e4 Bg4 7. Be2 Bxf3 8. gxf3
c5 9. Qa4+ Nd7 10. Bd3 Ngf6 11. Ne2 O-O 12. Ng3 a6 13. Qc2 e5 14. Bd2 Ne8 15.
Qc1 Rb8 16. h4 f6 17. Bh6 Qe7 18. h5 Bxh6 19. Qxh6 Qg7 20. hxg6 hxg6 21. Qh3
Rf7 22. Ke2 Nf8 23. Nf5 gxf5 24. Rag1 Ng6 25. Rxg6 1-0

[Event "13. Bayer Open"]
[Site "Leverkusen"]
[Date "2015.03.09"]
[Round "6.15"]
[White "Mentzel, Markus"]
[Black "Weiser, Hans-Josef"]
[Result "0-1"]
[WhiteElo "1799"]
[BlackElo "2010"]
[PlyCount "78"]
[EventDate "2015.??.??"]
[WhiteTeam "SG Solingen"]
[BlackTeam "Bergische SF"]

1. d4 Nf6 2. Nf3 e6 3. c4 d5 4. Nc3 c6 5. e3 Nbd7 6. Qc2 Bd6 7. Bd3 O-O 8. O-O
e5 9. dxe5 Nxe5 10. Nxe5 Bxe5 11. f4 Bc7 12. cxd5 cxd5 13. Bd2 Re8 14. Rae1 Bd7
15. Kh1 Rc8 16. Qb1 Bc6 17. Bf5 Bd7 18. Bd3 Bb6 19. Bc1 Bc6 20. Bf5 Rc7 21. Qd3
Rce7 22. Bd2 a6 23. a4 Ba7 24. b3 Qb6 25. Nd1 h6 26. h3 Ne4 27. Bxe4 dxe4 28.
Qc3 Rd7 29. Nb2 Bd5 30. b4 Rc7 31. Qa3 Rec8 32. Nd1 Qf6 33. Rf2 Qh4 34. Kh2 Rc2
35. g3 Qe7 36. Bc3 R8xc3 37. Nxc3 Rxf2+ 38. Kg1 Rd2 39. Qc1 Rd3 0-1

[Event "13. Bayer Open"]
[Site "Leverkusen"]
[Date "2015.03.09"]
[Round "6.16"]
[White "Juziak, Peter"]
[Black "Maczkowiak, Thomas"]
[Result "1-0"]
[WhiteElo "1995"]
[BlackElo "1804"]
[PlyCount "49"]
[EventDate "2015.??.??"]
[WhiteTeam "Düsseldorfer SV"]
[BlackTeam "MS Halver-Schalksmühle"]

1. e4 c6 2. Nc3 d5 3. Nf3 Bg4 4. h3 Bxf3 5. Qxf3 e6 6. d3 Nf6 7. e5 Nfd7 8. Qg3
c5 9. Be2 Nc6 10. f4 Nd4 11. O-O Nxc2 12. f5 Qb6 13. fxe6 fxe6 14. Bg5 c4+ 15.
Kh1 Bb4 16. Rad1 Nd4 17. Bg4 h5 18. Nxd5 exd5 19. Bxd7+ Kxd7 20. Be3 Rag8 21.
dxc4 Bc5 22. b4 Qxb4 23. Bxd4 Qxc4 24. e6+ Kxe6 25. Qe5+ 1-0

[Event "13. Bayer Open"]
[Site "Leverkusen"]
[Date "2015.03.09"]
[Round "6.17"]
[White "Bub, Volker"]
[Black "Schlenter, Rüdiger"]
[Result "1-0"]
[WhiteElo "2029"]
[BlackElo "1872"]
[PlyCount "79"]
[EventDate "2015.??.??"]
[WhiteTeam "SC Tornado Hochneukirch"]
[BlackTeam "SV Mülheim-Nord"]

1. g3 c5 2. Bg2 Nc6 3. e4 g6 4. f4 Bg7 5. d3 e6 6. c3 Nge7 7. Nf3 O-O 8. O-O b6
9. Be3 d5 10. e5 h5 11. Bf2 Ba6 12. Re1 Rc8 13. Na3 Nf5 14. Nc2 Qd7 15. h3 Rfd8
16. g4 hxg4 17. hxg4 Nh6 18. Bh3 Ne7 19. Bh4 Kf8 20. d4 Re8 21. Qd2 Qb5 22. Bf1
Qa5 23. Bxa6 Qxa6 24. Ne3 cxd4 25. Nxd4 Nc6 26. Bf6 Nxd4 27. cxd4 Qa4 28. b3
Qb5 29. f5 exf5 30. gxf5 Bxf6 31. exf6 Ng8 32. fxg6 fxg6 33. Ng4 Qd7 34. Qb4+
Kf7 35. Ne5+ Rxe5 36. dxe5 Qh3 37. e6+ Kxf6 38. Rf1+ Kg7 39. Qd4+ Kh6 40. Qh8+
1-0

[Event "13. Bayer Open"]
[Site "Leverkusen"]
[Date "2015.03.09"]
[Round "6.18"]
[White "Scharff, Klaus"]
[Black "Gelsok, Philipp"]
[Result "1/2-1/2"]
[WhiteElo "1857"]
[BlackElo "1894"]
[PlyCount "287"]
[EventDate "2015.??.??"]
[WhiteTeam "SV Opladen"]
[BlackTeam "Bergische SF"]

1. d4 Nf6 2. c4 c5 3. d5 b5 4. cxb5 a6 5. bxa6 g6 6. Nc3 Bxa6 7. f3 d6 8. g4 h5
9. g5 Nfd7 10. f4 Bg7 11. Bh3 Nb6 12. Nf3 Bc4 13. e4 Na6 14. a3 Nb4 15. Bf1
Bxf1 16. Kxf1 Qc8 17. Rb1 Qa6+ 18. Kg2 Nd3 19. e5 dxe5 20. fxe5 Qc4 21. Qe2
Nxd5 22. Qe4 Qxe4 23. Nxe4 c4 24. Rd1 N5f4+ 25. Bxf4 Nxf4+ 26. Kg3 Nd3 27. e6
fxe6 28. b3 Rxa3 29. bxc4 Ne5 30. Rf1 O-O 31. Ned2 Nxf3 32. Rxf3 Be5+ 33. Kf2
Raxf3+ 34. Nxf3 Bxh2 35. c5 Bf4 36. Ke2 Rc8 37. Rb4 Bxg5 38. Nxg5 Kg7 39. Nxe6+
Kf6 40. Re4 Rc6 41. Nf8 Kf7 42. Nd7 Ke8 43. Ne5 Rxc5 44. Nxg6 Rc7 45. Nf4 Rc5
46. Ng6 Rc7 47. Ke3 Kf7 48. Nf4 Rc5 49. Nd3 Rg5 50. Kf3 Rf5+ 51. Ke3 Rg5 52.
Ne5+ Kf6 53. Kd4 e6 54. Re2 Rf5 55. Nd7+ Ke7 56. Nc5 Rf6 57. Ne4 Rf5 58. Ra2
Rd5+ 59. Ke3 Kf7 60. Ra7+ Kg6 61. Re7 Re5 62. Re8 Kf7 63. Rh8 Kg7 64. Ra8 Kg6
65. Kf3 Rb5 66. Kf4 Rf5+ 67. Ke3 Rb5 68. Nd6 Rd5 69. Nc4 Rc5 70. Kd4 Rd5+ 71.
Ke4 Kf6 72. Rf8+ Kg7 73. Rf1 Rf5 74. Rg1+ Kf6 75. Ne3 Re5+ 76. Kd4 Ra5 77. Rf1+
Kg5 78. Ke4 Rb5 79. Rf8 Ra5 80. Nc4 Rf5 81. Rg8+ Kf6 82. Rh8 Kg7 83. Rc8 Rb5
84. Ne5 Rb4+ 85. Kf3 Rb5 86. Kf4 Rb4+ 87. Kg5 Rb7 88. Re8 h4 89. Rxe6 h3 90.
Rg6+ Kf8 91. Rh6 Rb5 92. Kf5 h2 93. Rxh2 Ke7 94. Rc2 Rb1 95. Rc7+ Kd6 96. Rd7+
Kc5 97. Rd2 Rf1+ 98. Ke6 Rh1 99. Rd5+ Kb4 100. Rd8 Rh6+ 101. Kd5 Rh1 102. Kd4
Rh4+ 103. Kd5 Rh1 104. Rc8 Kb3 105. Nf3 Rh5+ 106. Ke4 Rh7 107. Nd4+ Kb4 108.
Nc6+ Kb5 109. Ne5 Rh4+ 110. Kd5 Kb4 111. Rc1 Rh8 112. Nd3+ Kb3 113. Nc5+ Kb2
114. Rg1 Rh5+ 115. Kd4 Rh4+ 116. Ne4 Rh8 117. Kc4 Rh2 118. Rg3 Re2 119. Rb3+
Kc2 120. Nc5 Rh2 121. Rc3+ Kd2 122. Nb3+ Ke1 123. Rc1+ Kf2 124. Rc3 Rh4+ 125.
Nd4 Rh8 126. Rf3+ Kg2 127. Rf6 Rc8+ 128. Kd3 Ra8 129. Nc2 Rd8+ 130. Ke2 Re8+
131. Ne3+ Kg3 132. Rf3+ Kh4 133. Rf5 Rg8 134. Kf3 Rg3+ 135. Kf4 Rg8 136. Rf7
Kh5 137. Kf5 Rg5+ 138. Kf4 Rg8 139. Nf5 Rg4+ 140. Kf3 Ra4 141. Rg7 Ra3+ 142.
Ne3 Kh6 143. Rg1 Kh5 144. Kf4 {
Schwarz reklamierte Remis aufgrund der 50-Züge-Regel.} 1/2-1/2

[Event "13. Bayer Open"]
[Site "Leverkusen"]
[Date "2015.03.09"]
[Round "6.19"]
[White "Rahmen, Christian"]
[Black "Birnkott, Manfred"]
[Result "0-1"]
[WhiteElo "1803"]
[BlackElo "1888"]
[PlyCount "30"]
[EventDate "2015.??.??"]
[WhiteTeam "SG Porz"]
[BlackTeam "SC Bayer Leverkusen"]

1. d4 d5 2. e4 dxe4 3. Nc3 Bf5 4. f3 e6 5. fxe4 Bg6 6. Nf3 Nc6 7. Bb5 a6 8. Ba4
Bb4 9. Ne5 Bxc3+ 10. bxc3 Qh4+ 11. g3 Qxe4+ 12. Kf2 b5 13. Nxg6 hxg6 14. Bb3
Nf6 15. Re1 Rxh2+ 0-1

[Event "13. Bayer Open"]
[Site "Leverkusen"]
[Date "2015.03.09"]
[Round "6.20"]
[White "Lessing, Sebastian"]
[Black "Kuhn, Andreas"]
[Result "0-1"]
[WhiteElo "1657"]
[BlackElo "1904"]
[PlyCount "50"]
[EventDate "2015.??.??"]
[WhiteTeam "SC Bayer Leverkusen"]
[BlackTeam "SG Niederkassel"]

1. e4 d6 2. d4 Nf6 3. Nc3 Nbd7 4. Be3 e5 5. d5 Be7 6. f3 O-O 7. Nge2 c6 8. Qd2
Nb6 9. Ng3 cxd5 10. exd5 Bd7 11. Be2 Rc8 12. O-O a6 13. f4 Ng4 14. Rad1 Nc4 15.
Bxc4 Rxc4 16. Qd3 Nxe3 17. Qxe3 exf4 18. Qd3 Rxc3 19. Qxc3 Qb6+ 20. Kh1 Bf6 21.
Qf3 fxg3 22. Qxg3 Be5 23. Qh4 Qxb2 24. Rd3 Qxc2 25. Rdf3 f6 0-1

[Event "13. Bayer Open"]
[Site "Leverkusen"]
[Date "2015.03.09"]
[Round "6.21"]
[White "Schimpf, Rolf"]
[Black "Alexopoulos, Spiros Orestis"]
[Result "1/2-1/2"]
[WhiteElo "1710"]
[BlackElo "1789"]
[PlyCount "27"]
[EventDate "2015.??.??"]
[WhiteTeam "SC Bayer Leverkusen"]
[BlackTeam "Aachener SV"]

1. d4 Nf6 2. e3 g6 3. Bd3 Bg7 4. c3 d5 5. f4 Bg4 6. Nf3 Nbd7 7. O-O O-O 8. h3
Bf5 9. Ne5 Bxd3 10. Qxd3 Ne4 11. Nxd7 Qxd7 12. Nd2 f5 13. Nxe4 fxe4 14. Qe2
1/2-1/2

[Event "13. Bayer Open"]
[Site "Leverkusen"]
[Date "2015.03.09"]
[Round "6.22"]
[White "Jiritschka, Wolfgang"]
[Black "van Kempen, Heinz"]
[Result "0-1"]
[WhiteElo "1847"]
[BlackElo "1724"]
[PlyCount "158"]
[EventDate "2015.??.??"]
[WhiteTeam "SC Bayer Leverkusen"]
[BlackTeam "SV Opladen"]

1. c4 Nf6 2. Nc3 e6 3. g3 c5 4. Bg2 Nc6 5. Nf3 b6 6. d4 cxd4 7. Nxd4 Bb7 8. O-O
Be7 9. Ndb5 O-O 10. Bf4 Ne8 11. Nd6 Nxd6 12. Bxd6 Na5 13. b3 Bxg2 14. Kxg2 Nb7
15. Bxe7 Qxe7 16. e4 f5 17. exf5 Rxf5 18. Qd4 Raf8 19. Rad1 R8f7 20. Nb5 a6 21.
Qxb6 axb5 22. Qxb7 Qc5 23. f4 bxc4 24. Rxd7 c3 25. Rd8+ Rf8 26. Rxf8+ Rxf8 27.
Qe4 Qd5 28. Kf3 Qh5+ 29. Kg2 Qd5 30. Qxd5 exd5 31. Rd1 Rd8 32. Kf2 d4 33. Ke2
c2 34. Rc1 d3+ 35. Kd2 Kf7 36. b4 Kf6 37. b5 Kf5 38. Re1 Kg4 39. a4 Kf3 40. b6
Kf2 41. a5 Rd5 42. a6 Rb5 43. a7 Rb1 44. Rc1 Rxc1 45. Kxc1 Ke2 46. a8=Q d2+ 47.
Kxc2 d1=Q+ 48. Kc3 Qd3+ 49. Kb4 Qd4+ 50. Kb5 Qb2+ 51. Kc5 Qc3+ 52. Kd6 Qf6+ 53.
Kc7 Qe7+ 54. Kb8 Qd8+ 55. Ka7 Qd7+ 56. Qb7 Qd4 57. Qa6+ Kf3 58. Qf1+ Kg4 59.
Qe2+ Kh3 60. Qh5+ Kg2 61. Qe5 Qa4+ 62. Kb8 Qd7 63. Qe4+ Kxh2 64. Qxh7+ Kxg3 65.
Qe4 Qd6+ 66. Kb7 Qd7+ 67. Ka6 Qf7 68. b7 Qa2+ 69. Kb6 Qb3+ 70. Kc6 Qc3+ 71. Kd7
Qd2+ 72. Ke6 Qd8 73. f5 Qe8+ 74. Kd5 Qd7+ 75. Kc4 Qa4+ 76. Kd3 Qd1+ 77. Ke3
Qc1+ 78. Ke2 Qb2+ 79. Kf1 Qf2# 0-1

[Event "13. Bayer Open"]
[Site "Leverkusen"]
[Date "2015.03.09"]
[Round "6.24"]
[White "Wirtz, Uwe"]
[Black "Ziabari, Morteza"]
[Result "1-0"]
[WhiteElo "1825"]
[BlackElo "1792"]
[PlyCount "57"]
[EventDate "2015.??.??"]
[WhiteTeam "Königsspringer Leverkusen"]
[BlackTeam "Kettwiger SG"]

1. e4 d6 2. d4 Nf6 3. Nc3 c6 4. f4 Qa5 5. Bd3 e5 6. Nf3 Bg4 7. Be3 Qb6 8. fxe5
dxe5 9. Qd2 Bxf3 10. dxe5 Bc5 11. Bxc5 Qxc5 12. exf6 Bh5 13. fxg7 Rg8 14. Be2
Nd7 15. O-O-O O-O-O 16. g4 Bg6 17. h4 Qe5 18. Qd4 Qf4+ 19. Kb1 Nf6 20. Qxa7
Nxe4 21. Qa8+ Qb8 22. Qxb8+ Kxb8 23. Rxd8+ Rxd8 24. h5 Nxc3+ 25. bxc3 Be4 26.
Rf1 Bd5 27. h6 Kc7 28. Bd3 Bg2 29. Rxf7+ 1-0

[Event "13. Bayer Open"]
[Site "Leverkusen"]
[Date "2015.03.09"]
[Round "6.25"]
[White "Bießner, Eberhard"]
[Black "Gutt, Oswald"]
[Result "1-0"]
[WhiteElo "1760"]
[BlackElo "1920"]
[PlyCount "29"]
[EventDate "2015.??.??"]
[WhiteTeam "Rheydter SV"]
[BlackTeam "Bergische SF"]

1. e4 c5 2. Nf3 e6 3. d4 cxd4 4. Nxd4 Nf6 5. Bd3 d6 6. c3 a6 7. Bg5 Be7 8. Nd2
O-O 9. O-O b6 10. Qe2 Qc7 11. f4 Nbd7 12. Rae1 Re8 13. e5 dxe5 14. fxe5 Nd5 15.
Bxh7+ 1-0

[Event "13. Bayer Open"]
[Site "Leverkusen"]
[Date "2015.03.09"]
[Round "6.26"]
[White "Liebsch, Ulrich"]
[Black "Erdmann, Kristian"]
[Result "0-1"]
[WhiteElo "1669"]
[BlackElo "1966"]
[PlyCount "48"]
[EventDate "2015.??.??"]
[WhiteTeam "SC Bayer Leverkusen"]
[BlackTeam "Königsspringer Leverkusen"]

1. c4 e5 2. Nc3 Nf6 3. d3 Nc6 4. Nf3 Bb4 5. a3 Bxc3+ 6. bxc3 h6 7. g3 O-O 8.
Bg2 d6 9. O-O Be6 10. Nd2 Qd7 11. Ne4 Nxe4 12. Bxe4 f5 13. Bd5 f4 14. Bxe6+
Qxe6 15. Kg2 Rf5 16. g4 Rg5 17. f3 Rf8 18. Rb1 h5 19. h3 hxg4 20. hxg4 Rxg4+
21. fxg4 Qxg4+ 22. Kh1 Qh3+ 23. Kg1 Qg3+ 24. Kh1 Rf6 0-1

[Event "13. Bayer Open"]
[Site "Leverkusen"]
[Date "2015.03.09"]
[Round "6.27"]
[White "Friedsam, Manfred"]
[Black "Meyer, Stefan"]
[Result "1-0"]
[WhiteElo "1754"]
[BlackElo "1692"]
[PlyCount "47"]
[EventDate "2015.??.??"]
[WhiteTeam "Königsspringer Leverkusen"]
[BlackTeam "SV Grevenbroich"]

1. e4 Nf6 2. e5 Nd5 3. d4 d6 4. c4 Nb6 5. f4 g6 6. Be3 Bg7 7. Nf3 O-O 8. Be2 c5
9. dxc5 N6d7 10. cxd6 exd6 11. Qxd6 Nxe5 12. fxe5 Qxd6 13. exd6 Bxb2 14. Bd4
Bxa1 15. Bxa1 Bf5 16. Kf2 Nc6 17. Nd4 Nxd4 18. Bxd4 b6 19. Bf6 Rac8 20. Be7
Rfe8 21. Nc3 Kg7 22. Rd1 Bd7 23. Nd5 f5 24. Nf6 1-0

[Event "13. Bayer Open"]
[Site "Leverkusen"]
[Date "2015.03.09"]
[Round "6.28"]
[White "Depping, Thomas"]
[Black "Kamphausen, Johannes-Dieter"]
[Result "1-0"]
[WhiteElo "1595"]
[BlackElo "1722"]
[PlyCount "57"]
[EventDate "2015.??.??"]
[WhiteTeam "SF Düsseldorf-Süd"]
[BlackTeam "SV Springer Hitdorf"]

1. e4 c5 2. Nc3 Nc6 3. f4 e6 4. Nf3 d5 5. e5 Nh6 6. Bb5 Nf5 7. Bxc6+ bxc6 8. d3
Be7 9. O-O h5 10. Bd2 Rh6 11. Ng5 Rb8 12. b3 Ba6 13. Rf3 Qb6 14. Na4 Qc7 15.
Nc3 g6 16. Ne2 h4 17. Qe1 Kf8 18. c3 Kg7 19. Be3 Bxd3 20. Bf2 Bxe2 21. Qxe2
Rbh8 22. Rd1 Rh5 23. Qd2 Ng3 24. hxg3 hxg3 25. Bxg3 c4 26. Nh3 g5 27. fxg5 Bxg5
28. Nxg5 Qb6+ 29. Kf1 1-0